| 000 | 00574nam a2200157 4500 | ||
|---|---|---|---|
| 001 | 123428 | ||
| 003 | ES-MaACL | ||
| 005 | 20230906192154.0 | ||
| 007 | t| | ||
| 008 | 070214s1979 sp r ||||1| spa d | ||
| 245 | 0 | 0 |
_aRadiodifusión y televisión _b: datos estadísticos : años 1975-1976-1977 : monografía. |
| 260 |
_aMadrid : _bMinisterio de Cultura, Publicaciones de la Secretaría General Técnica, _c1979. |
||
| 300 |
_a164 p. ; _c29 cm. |
||
| 710 | 1 |
_aEspaña. _bMinisterio de Cultura. _bSecretaría General Técnica. _93852 |
|
| 852 |
_aES-MaACL _jA-9395 _bR.98895 |
||
| 999 |
_c123428 _d123428 |
||